00566nam a2200133 a 450000100100000000500170001000800410002704000250006808200090009311001480010224500740025026000730032430000350039700003326920200930070135.0110823s1927 dr ac 000 0 spa d aDO-SdBNPbspacBNPHU axxxx1 aRepública Dominicana.bSecretaría de Estado de Agricultura e Inmgración,bEstación Nacional Agronomica y Colegio de Agricultura de Moca10aSegundo informe anual de la Estación Nacional Agronómica de Moca. aSanto Domingo, :bImprenta de J. R. Vda. García, Sucesores,c1927. a153 p. :bil., retr. ;c31 cm.